[Event "HUN-chT2 Maroczy 1819"]
[Site "Hungary"]
[Date "2019.03.31"]
[Round "10.2"]
[White "Karolyi, Tibor Jr"]
[Black "Torok, Sandor"]
[Result "1-0"]
[WhiteElo "2327"]
[BlackElo "2276"]
[PlyCount "67"]
[EventDate "2018.09.23"]
[EventType "team-tourn"]
[EventRounds "11"]
[EventCountry "HUN"]
[SourceTitle "EXT 2021"]
[Source "ChessBase"]
[SourceDate "2020.10.23"]
[SourceVersion "1"]
[SourceVersionDate "2020.10.23"]
[SourceQuality "1"]
[WhiteTeam "Toth Laszlo"]
[BlackTeam "Budapest Vasas"]
[WhiteTeamCountry "HUN"]
[BlackTeamCountry "HUN"]

1. d4 Nf6 2. c4 e6 3. Nc3 Bb4 4. e3 0-0 5. Nge2 Re8 6. a3 Bf8 7. d5 d6 8. g3 exd5 9. cxd5 c5 10. b4 g6 11. Bg2 b6 12. 0-0 Bg7 13. e4 Nbd7 14. Rb1 h6 15. h3 g5 16. f4 g4 17. h4 Nh5 18. Bb2 Nxg3 19. Nxg3 Bd4+ 20. Rf2 Qxh4 21. Nce2 Bxf2+ 22. Kxf2 f5 23. Qh1 Qxh1 24. Rxh1 Nf8 25. Rxh6 cxb4 26. axb4 a5 27. b5 a4 28. Nd4 a3 29. Ba1 Ra4 30. Ndxf5 Bxf5 31. Nxf5 Rb4 32. Rh8+ Kf7 33. Nxd6+ Ke7 34. Nxe8 1-0

[Event "HUN-chT2 Maroczy 1819"]
[Site "Hungary"]
[Date "2018.10.07"]
[Round "2.2"]
[White "Hando, Vilmos"]
[Black "Karolyi, Tibor Jr"]
[Result "1-0"]
[WhiteElo "2385"]
[BlackElo "2327"]
[PlyCount "71"]
[EventDate "2018.09.23"]
[EventType "team-tourn"]
[EventRounds "11"]
[EventCountry "HUN"]
[SourceTitle "EXT 2020"]
[Source "ChessBase"]
[SourceDate "2019.10.17"]
[SourceVersion "1"]
[SourceVersionDate "2019.10.17"]
[SourceQuality "1"]
[WhiteTeam "Lillafured DVTK II"]
[BlackTeam "Toth Laszlo"]
[WhiteTeamCountry "HUN"]
[BlackTeamCountry "HUN"]

1. c4 e6 2. Nf3 d5 3. d4 dxc4 4. e3 c5 5. Bxc4 a6 6. a4 Nf6 7. 0-0 Nc6 8. Nc3 Be7 9. Qe2 Qc7 10. Rd1 0-0 11. h3 Rd8 12. b3 b6 13. d5 exd5 14. Nxd5 Nxd5 15. Bxd5 Bb7 16. Bb2 Na5 17. Be5 Bd6 18. Bxb7 Nxb7 19. Bc3 Qc6 20. Qc4 b5 21. axb5 axb5 22. Qg4 Bf8 23. Ne5 Rxa1 24. Nxc6 Raxd1+ 25. Kh2 R8d7 26. Bd4 Rc7 27. Qxd1 Rxc6 28. Qf3 Rb6 29. Be5 Na5 30. Bc7 Ra6 31. Qd5 Nc6 32. g3 h6 33. Kg2 Be7 34. Qd7 Bf8 35. Bd6 Bxd6 36. Qc8+ 1-0

[Event "HUN-chT2 Maroczy 1718"]
[Site "Hungary"]
[Date "2017.12.03"]
[Round "3.3"]
[White "Feher, Gyula"]
[Black "Karolyi, Tibor Jr"]
[Result "1/2-1/2"]
[WhiteElo "2345"]
[BlackElo "2326"]
[PlyCount "22"]
[EventDate "2017.10.29"]
[EventType "team-tourn"]
[EventRounds "9"]
[EventCountry "HUN"]
[SourceTitle "EXT 2021"]
[Source "ChessBase"]
[SourceDate "2020.10.23"]
[SourceVersion "1"]
[SourceVersionDate "2020.10.23"]
[SourceQuality "1"]
[WhiteTeam "Taban Spartacus"]
[BlackTeam "Toth Laszlo"]
[WhiteTeamCountry "HUN"]
[BlackTeamCountry "HUN"]

1. e4 c6 2. d4 d5 3. Nd2 dxe4 4. Nxe4 Nd7 5. Nf3 Ngf6 6. Nxf6+ Nxf6 7. Bc4 g6 8. 0-0 Bg7 9. Re1 0-0 10. c3 b6 11. Bg5 Bb7 1/2-1/2

[Event "HUN-chT2 Maroczy 1516"]
[Site "Hungary"]
[Date "2015.10.18"]
[Round "1.4"]
[White "Farago, Sandor"]
[Black "Karolyi, Tibor Jr"]
[Result "1/2-1/2"]
[WhiteElo "2266"]
[BlackElo "2328"]
[PlyCount "32"]
[EventDate "2015.10.18"]
[EventType "team-tourn"]
[EventRounds "9"]
[EventCountry "HUN"]
[SourceTitle "CBM 170 Extra"]
[Source "ChessBase"]
[SourceDate "2016.02.25"]
[SourceVersion "1"]
[SourceVersionDate "2016.02.25"]
[SourceQuality "1"]
[WhiteTeam "Magyar Sakkvilag"]
[BlackTeam "Toth Laszlo"]
[WhiteTeamCountry "HUN"]
[BlackTeamCountry "HUN"]

1. e4 e6 2. d4 d5 3. Nc3 Bb4 4. e5 c5 5. a3 Bxc3+ 6. bxc3 Qc7 7. Nf3 Ne7 8. a4 b6 9. Bb5+ Bd7 10. 0-0 Bxb5 11. axb5 a6 12. bxa6 Rxa6 13. Rxa6 Nxa6 14. Ba3 h6 15. Qb1 Qc6 16. Qb3 0-0 1/2-1/2

[Event "HUN-chT 1213"]
[Site "Hungary"]
[Date "2013.04.21"]
[Round "9"]
[White "Karolyi, Tibor Jr"]
[Black "Videki, Sandor"]
[Result "1/2-1/2"]
[WhiteElo "2346"]
[BlackElo "2429"]
[PlyCount "23"]
[EventDate "2012.09.16"]
[EventType "team-tourn"]
[EventRounds "9"]
[EventCountry "HUN"]
[SourceTitle "EXT 2014"]
[Source "ChessBase"]
[SourceDate "2013.11.20"]
[SourceVersion "1"]
[SourceVersionDate "2013.11.20"]
[SourceQuality "1"]
[WhiteTeam "MLTC"]
[BlackTeam "Paks"]
[WhiteTeamCountry "HUN"]
[BlackTeamCountry "HUN"]

1. e4 d6 2. d4 Nf6 3. Nc3 g6 4. Nf3 Bg7 5. Be2 0-0 6. 0-0 a6 7. a4 b6 8. h3 Bb7 9. Qd3 e6 10. Bf4 Nc6 11. Rac1 Ne7 12. Qe3 1/2-1/2

[Event "HUN-chT 1213"]
[Site "Hungary"]
[Date "2012.09.16"]
[Round "1"]
[White "Karolyi, Tibor Jr"]
[Black "Medvegy, Zoltan"]
[Result "1/2-1/2"]
[WhiteElo "2346"]
[BlackElo "2561"]
[PlyCount "35"]
[EventDate "2012.09.16"]
[EventType "team-tourn"]
[EventRounds "9"]
[EventCountry "HUN"]
[SourceTitle "EXT 2013"]
[Source "ChessBase"]
[SourceDate "2012.11.22"]
[SourceVersion "1"]
[SourceVersionDate "2012.11.22"]
[SourceQuality "1"]
[WhiteTeam "MLTC"]
[BlackTeam "Aquaprofit"]
[WhiteTeamCountry "HUN"]
[BlackTeamCountry "HUN"]

1. d4 Nf6 2. c4 e6 3. Nf3 b6 4. g3 Bb7 5. Bg2 Be7 6. Nc3 Na6 7. 0-0 0-0 8. Ne5 Bxg2 9. Kxg2 d6 10. Nc6 Qd7 11. d5 Nb8 12. Nxe7+ Qxe7 13. e4 c6 14. Re1 cxd5 15. cxd5 e5 16. Be3 Nbd7 17. b4 a6 18. Qd3 1/2-1/2

[Event "HUN-chT 1112"]
[Site "Hungary"]
[Date "2012.05.20"]
[Round "11"]
[White "Karolyi, Tibor Jr"]
[Black "Meszaros, Michal"]
[Result "1/2-1/2"]
[WhiteElo "2346"]
[BlackElo "2377"]
[PlyCount "27"]
[EventDate "2011.09.25"]
[EventType "team-tourn"]
[EventRounds "11"]
[EventCountry "HUN"]
[SourceTitle "EXT 2013"]
[Source "ChessBase"]
[SourceDate "2012.11.22"]
[SourceVersion "1"]
[SourceVersionDate "2012.11.22"]
[SourceQuality "1"]
[WhiteTeam "MLTC"]
[BlackTeam "HVSE Infraplan"]
[WhiteTeamCountry "HUN"]
[BlackTeamCountry "HUN"]

1. d4 Nf6 2. c4 g6 3. Nc3 d5 4. Nf3 Bg7 5. Qb3 dxc4 6. Qxc4 0-0 7. Bf4 c6 8. e4 b5 9. Qd3 Qa5 10. Be2 b4 11. Nd1 Ba6 12. Qe3 c5 13. d5 Nbd7 14. 0-0 1/2-1/2

[Event "HUN-chT 1011"]
[Site "Hungary"]
[Date "2011.04.10"]
[Round "8"]
[White "Fodor, Tamas Jr"]
[Black "Karolyi, Tibor Jr"]
[Result "1/2-1/2"]
[WhiteElo "2451"]
[BlackElo "2337"]
[PlyCount "61"]
[EventDate "2010.10.10"]
[EventType "team-tourn"]
[EventRounds "11"]
[EventCountry "HUN"]
[SourceTitle "EXT 2012"]
[Source "ChessBase"]
[SourceDate "2011.11.24"]
[SourceVersion "1"]
[SourceVersionDate "2011.11.24"]
[SourceQuality "1"]
[WhiteTeam "Paks"]
[BlackTeam "MLTC"]
[WhiteTeamCountry "HUN"]
[BlackTeamCountry "HUN"]

1. c4 e6 2. g3 d5 3. Bg2 dxc4 4. Qa4+ Nd7 5. Qxc4 c5 6. a4 Ngf6 7. Nf3 b6 8. 0-0 Bb7 9. d3 Be7 10. Bd2 0-0 11. Na3 Bxf3 12. Bxf3 Ne5 13. Qf4 Nxf3+ 14. Qxf3 Qd7 15. Nc4 Rac8 16. Bc3 Nd5 17. Rfc1 f6 18. Rd1 Rfd8 19. e4 Nxc3 20. bxc3 Qc6 21. Qe2 Bd6 22. Qc2 Bc7 23. Ne3 a6 24. f4 g6 25. c4 f5 26. exf5 gxf5 27. Qe2 Rd7 28. Ra3 Bd8 29. Qg2 Qd6 30. Qb2 Rf7 31. Rb1 1/2-1/2

[Event "HUN-chT 1011"]
[Site "Hungary"]
[Date "2010.12.05"]
[Round "4"]
[White "Karolyi, Tibor Jr"]
[Black "Horvath, Tamas"]
[Result "1/2-1/2"]
[WhiteElo "2337"]
[BlackElo "2414"]
[PlyCount "61"]
[EventDate "2010.10.10"]
[EventType "team-tourn"]
[EventRounds "11"]
[EventCountry "HUN"]
[SourceTitle "EXT 2012"]
[Source "ChessBase"]
[SourceDate "2011.11.24"]
[SourceVersion "1"]
[SourceVersionDate "2011.11.24"]
[SourceQuality "1"]
[WhiteTeam "MLTC"]
[BlackTeam "Csuti"]
[WhiteTeamCountry "HUN"]
[BlackTeamCountry "HUN"]

1. e4 e5 2. Nf3 Nc6 3. Bb5 Nf6 4. Nc3 Nd4 5. Nxd4 exd4 6. e5 dxc3 7. exf6 Qxf6 8. dxc3 Qe5+ 9. Qe2 Qxe2+ 10. Kxe2 c6 11. Bd3 d5 12. Re1 Be6 13. Kf3 Bd6 14. Bf4 Kd7 15. Bxd6 Kxd6 16. h4 h6 17. a3 Rhe8 18. Kf4 Bd7 19. Bf5 Rxe1 20. Rxe1 Re8 21. Rxe8 Bxe8 22. Bc8 b6 23. Ke3 Bd7 24. Bxd7 Kxd7 25. Kf4 Ke6 26. g4 g6 27. a4 f6 28. Ke3 f5 29. g5 hxg5 30. hxg5 Ke5 31. f4+ 1/2-1/2

[Event "HUN-chT 0910"]
[Site "Hungary"]
[Date "2010.04.11"]
[Round "9"]
[White "Rudolf, Anna"]
[Black "Karolyi, Tibor Jr"]
[Result "1/2-1/2"]
[WhiteElo "2286"]
[BlackElo "2325"]
[PlyCount "90"]
[EventDate "2009.11.08"]
[EventType "team-tourn"]
[EventRounds "11"]
[EventCountry "HUN"]
[SourceTitle "EXT 2011"]
[Source "ChessBase"]
[SourceDate "2010.11.26"]
[SourceVersion "1"]
[SourceVersionDate "2010.11.26"]
[SourceQuality "1"]
[WhiteTeam "Decs"]
[BlackTeam "MLTC"]
[WhiteTeamCountry "HUN"]
[BlackTeamCountry "HUN"]

1. e4 e5 2. Nf3 Nc6 3. Bc4 Bc5 4. c3 Nf6 5. d3 a6 6. 0-0 d6 7. h3 Ba7 8. Bb3 Ne7 9. Nbd2 Ng6 10. Nc4 0-0 11. Be3 b5 12. Ncd2 Bb7 13. a4 Bxe3 14. fxe3 c5 15. Qe2 d5 16. exd5 Bxd5 17. Bxd5 Qxd5 18. Ng5 h6 19. Rxf6 hxg5 20. Rf5 f6 21. c4 bxc4 22. Nxc4 Rad8 23. Ra3 Nf4 24. exf4 g6 25. Rxf6 Rxf6 26. fxe5 Rf4 27. Qe3 Qd4 28. Qxd4 Rfxd4 29. Rb3 Rxd3 30. Rb6 Kg7 31. Rxa6 R8d4 32. Nd6 Re3 33. Ra7+ Kg8 34. Ra8+ Kg7 35. Ra7+ Kf8 36. Ra8+ Ke7 37. a5 Re2 38. a6 Rdd2 39. a7 Rxg2+ 40. Kf1 Rgf2+ 41. Ke1 Rfe2+ 42. Kf1 Rf2+ 43. Ke1 Rfe2+ 44. Kf1 Rf2+ 45. Ke1 Rfe2+ 1/2-1/2

[Event "HUN-chT 0910"]
[Site "Hungary"]
[Date "2010.03.07"]
[Round "6"]
[White "Csonka, Attila Istvan"]
[Black "Karolyi, Tibor Jr"]
[Result "1/2-1/2"]
[WhiteElo "2330"]
[BlackElo "2325"]
[PlyCount "36"]
[EventDate "2009.11.08"]
[EventType "team-tourn"]
[EventRounds "11"]
[EventCountry "HUN"]
[SourceTitle "EXT 2011"]
[Source "ChessBase"]
[SourceDate "2010.11.26"]
[SourceVersion "1"]
[SourceVersionDate "2010.11.26"]
[SourceQuality "1"]
[WhiteTeam "Haladas"]
[BlackTeam "MLTC"]
[WhiteTeamCountry "HUN"]
[BlackTeamCountry "HUN"]

1. e4 e6 2. d4 d5 3. Nd2 c5 4. exd5 Qxd5 5. Ngf3 cxd4 6. Bc4 Qd8 7. 0-0 a6 8. a4 Nc6 9. Nb3 Qc7 10. Nbxd4 Bd6 11. Nxc6 bxc6 12. Qd4 Nf6 13. Bg5 c5 14. Qc3 Be7 15. Qe5 Bd6 16. Qc3 Be7 17. Qe5 Bd6 18. Qc3 Be7 1/2-1/2

[Event "BL2-Sued 0910"]
[Site "Germany"]
[Date "2010.01.24"]
[Round "5.7"]
[White "Gabriel, Robert A"]
[Black "Karolyi, Tibor Jr"]
[Result "0-1"]
[WhiteElo "2215"]
[BlackElo "2215"]
[PlyCount "80"]
[EventDate "2009.10.18"]
[EventType "team-tourn"]
[EventRounds "9"]
[EventCountry "GER"]
[SourceTitle "EXT 2011"]
[Source "ChessBase"]
[SourceDate "2010.11.26"]
[SourceVersion "1"]
[SourceVersionDate "2010.11.26"]
[SourceQuality "1"]
[WhiteTeam "Stuttgart"]
[BlackTeam "Griesheim"]
[WhiteTeamCountry "GER"]
[BlackTeamCountry "GER"]

1. d4 d5 2. Nf3 c5 3. e3 cxd4 4. exd4 Nc6 5. c3 Bg4 6. Be2 e6 7. Bf4 Bd6 8. Bxd6 Qxd6 9. 0-0 Nf6 10. Nbd2 0-0 11. Re1 Nd7 12. a4 Qc7 13. h3 Bh5 14. b4 a5 15. Qb3 Rfc8 16. Rac1 Nb6 17. b5 Bxf3 18. Nxf3 Ne7 19. g3 Nc4 20. Bd3 Qd6 21. Bxc4 Rxc4 22. Ne5 Rc7 23. Kh2 Ng6 24. Nxg6 hxg6 25. c4 Qb4 26. Qxb4 axb4 27. cxd5 Rxc1 28. Rxc1 exd5 29. Ra1 b3 30. a5 Rxa5 31. Rxa5 b2 32. Ra8+ Kh7 33. Rb8 b1Q 34. Rxb7 f5 35. Kg2 Qe4+ 36. Kg1 Qxd4 37. Rd7 Qb4 38. b6 Qxb6 39. Rxd5 Qb1+ 40. Kh2 Qa2 0-1

[Event "Budapest FS04 IM-B"]
[Site "Budapest"]
[Date "2009.04.13"]
[Round "10"]
[White "Karolyi, Tibor Jr"]
[Black "Lyell, Mark"]
[Result "1-0"]
[WhiteElo "2328"]
[BlackElo "2300"]
[PlyCount "81"]
[EventDate "2009.04.04"]
[EventType "tourn"]
[EventRounds "10"]
[EventCountry "HUN"]
[SourceTitle "CBM 129 Extra"]
[Source "ChessBase"]
[SourceDate "2009.05.05"]
[SourceVersion "2"]
[SourceVersionDate "2009.05.20"]
[SourceQuality "1"]

1. d4 d5 2. Nf3 Nc6 3. Bf4 Bg4 4. e3 e6 5. h3 Bh5 6. c4 Nf6 7. Nc3 Bb4 8. Qc1 Bxf3 9. gxf3 0-0 10. a3 Bxc3+ 11. Qxc3 Ne7 12. Bd3 Ng6 13. Bg3 c6 14. c5 Re8 15. b4 Nh5 16. Bd6 Nh4 17. Ke2 Qf6 18. f4 Nf5 19. Bxf5 exf5 20. Qd2 Qh4 21. Kd3 Re6 22. Be5 f6 23. Bd6 g6 24. b5 Ng7 25. bxc6 bxc6 26. Rab1 Ne8 27. Bb8 Re7 28. Rb2 g5 29. Qe2 g4 30. Qd1 Ng7 31. Bd6 Ree8 32. hxg4 Qxg4 33. f3 Qg6 34. Rg1 Qf7 35. Rbg2 Re6 36. Qa4 Rae8 37. Rxg7+ Qxg7 38. Rxg7+ Kxg7 39. Qxc6 Rxe3+ 40. Kd2 h5 41. Be5 1-0

[Event "Budapest FS04 IM-B"]
[Site "Budapest"]
[Date "2009.04.11"]
[Round "8"]
[White "Karolyi, Tibor Jr"]
[Black "Szalanczy, Emil"]
[Result "1/2-1/2"]
[WhiteElo "2328"]
[BlackElo "2295"]
[PlyCount "20"]
[EventDate "2009.04.04"]
[EventType "tourn"]
[EventRounds "10"]
[EventCountry "HUN"]
[SourceTitle "CBM 129 Extra"]
[Source "ChessBase"]
[SourceDate "2009.05.05"]
[SourceVersion "2"]
[SourceVersionDate "2009.05.20"]
[SourceQuality "1"]

1. e4 e6 2. d4 d5 3. Nd2 dxe4 4. Nxe4 Nd7 5. Bd3 Ngf6 6. Nf3 Nxe4 7. Bxe4 Nf6 8. Bd3 c5 9. 0-0 cxd4 10. Nxd4 Qc7 1/2-1/2

[Event "HUN-chT 0809"]
[Site "Hungary"]
[Date "2009.04.05"]
[Round "10"]
[White "Prohaszka, Peter"]
[Black "Karolyi, Tibor Jr"]
[Result "1/2-1/2"]
[WhiteElo "2502"]
[BlackElo "2363"]
[PlyCount "45"]
[EventDate "2008.10.26"]
[EventType "team-tourn"]
[EventRounds "11"]
[EventCountry "HUN"]
[SourceTitle "EXT 2010"]
[Source "ChessBase"]
[SourceDate "2010.11.25"]
[SourceVersion "1"]
[SourceVersionDate "2010.11.25"]
[SourceQuality "1"]
[WhiteTeam "Aquaprofit"]
[BlackTeam "MLTC"]
[WhiteTeamCountry "HUN"]
[BlackTeamCountry "HUN"]

1. d4 d5 2. Nf3 e6 3. c4 Bb4+ 4. Nbd2 a5 5. a3 Be7 6. g3 Nf6 7. Bg2 b6 8. Qa4+ c6 9. Ne5 0-0 10. Qc2 Ba6 11. 0-0 Ra7 12. b3 Rc7 13. Bb2 c5 14. Ndf3 Qc8 15. Rfc1 h6 16. cxd5 Nxd5 17. Qd2 Rd8 18. e4 Nf6 19. Qf4 Bb7 20. Nc4 Bxe4 21. Nxb6 Qb7 22. dxc5 a4 23. bxa4 1/2-1/2

[Event "HUN-chT 0809"]
[Site "Hungary"]
[Date "2009.03.08"]
[Round "9"]
[White "Erdelyi, Zombor"]
[Black "Karolyi, Tibor Jr"]
[Result "0-1"]
[WhiteElo "2363"]
[BlackElo "2363"]
[PlyCount "76"]
[EventDate "2008.10.26"]
[EventType "team-tourn"]
[EventRounds "11"]
[EventCountry "HUN"]
[SourceTitle "EXT 2010"]
[Source "ChessBase"]
[SourceDate "2010.11.25"]
[SourceVersion "1"]
[SourceVersionDate "2010.11.25"]
[SourceQuality "1"]
[WhiteTeam "Penzugyor"]
[BlackTeam "MLTC"]
[WhiteTeamCountry "HUN"]
[BlackTeamCountry "HUN"]

1. e4 c6 2. d4 d5 3. e5 Bf5 4. Be3 e6 5. Nd2 Nd7 6. Nb3 Rc8 7. Nf3 a6 8. Be2 c5 9. dxc5 Nxc5 10. Nbd4 Bg6 11. 0-0 Ne7 12. Nh4 Nc6 13. Nxg6 hxg6 14. Nxc6 Rxc6 15. g3 Nd7 16. Bd4 Bc5 17. c4 dxc4 18. Bxc4 Bxd4 19. Qxd4 Qb6 20. Qxb6 Rxb6 21. Rac1 Ke7 22. Bb3 Nxe5 23. Rc7+ Kd6 24. Rfc1 Rf8 25. R7c3 Rc6 26. f4 Nd7 27. Rxc6+ bxc6 28. Rd1+ Kc7 29. Bc4 a5 30. Rc1 Rd8 31. Rc2 Nc5 32. Kf2 Kb6 33. Ke3 Rd6 34. Be2 Nd7 35. Rc3 Rd5 36. Bd3 g5 37. Be4 gxf4+ 38. gxf4 Nf6 0-1

[Event "Budapest FS12 IM"]
[Site "Budapest"]
[Date "2008.12.16"]
[Round "11"]
[White "Adams, Nick A"]
[Black "Karolyi, Tibor Jr"]
[Result "1/2-1/2"]
[WhiteElo "2205"]
[BlackElo "2363"]
[PlyCount "23"]
[EventDate "2008.12.06"]
[EventType "tourn"]
[EventRounds "13"]
[EventCountry "HUN"]
[EventCategory "1"]
[SourceTitle "CBM 127 Extra"]
[Source "ChessBase"]
[SourceDate "2009.01.08"]
[SourceVersion "2"]
[SourceVersionDate "2009.01.28"]
[SourceQuality "1"]

1. d4 Nf6 2. c4 g6 3. Nc3 d5 4. Nf3 Bg7 5. e3 0-0 6. Be2 c5 7. 0-0 cxd4 8. exd4 Nc6 9. Re1 b6 10. Bg5 dxc4 11. Bxc4 Bb7 12. a3 1/2-1/2

[Event "Budapest FS12 IM"]
[Site "Budapest"]
[Date "2008.12.14"]
[Round "9"]
[White "Toth, Lili"]
[Black "Karolyi, Tibor Jr"]
[Result "1/2-1/2"]
[WhiteElo "2194"]
[BlackElo "2363"]
[PlyCount "72"]
[EventDate "2008.12.06"]
[EventType "tourn"]
[EventRounds "13"]
[EventCountry "HUN"]
[EventCategory "1"]
[SourceTitle "CBM 127 Extra"]
[Source "ChessBase"]
[SourceDate "2009.01.08"]
[SourceVersion "2"]
[SourceVersionDate "2009.01.28"]
[SourceQuality "1"]

1. d4 d5 2. Nf3 c5 3. c3 e6 4. Bf4 Bd6 5. Bxd6 Qxd6 6. e3 Nc6 7. Nbd2 Nge7 8. Bd3 e5 9. dxe5 Nxe5 10. Nxe5 Qxe5 11. Bb5+ Kf8 12. Nf3 Qc7 13. 0-0 Qb6 14. Qe2 Bf5 15. c4 a6 16. Ba4 Qb4 17. Bb3 dxc4 18. Bxc4 b5 19. Bd3 Bxd3 20. Qxd3 Qxb2 21. Rad1 Re8 22. Qd6 Qxa2 23. Ne5 Qe6 24. Nd7+ Kg8 25. Qxc5 Nc8 26. Qc7 h5 27. Rc1 Qd6 28. Qb7 Ne7 29. Rfd1 Qg6 30. Nc5 Rh6 31. Nd3 Rd8 32. Qxe7 Rxd3 33. Rxd3 Qxd3 34. Qe8+ Kh7 35. Qxf7 Qg6 36. Qd5 Qe6 1/2-1/2